00710 2200265 4500001002100000005001700021008004100038020001800079035002400097082001100121090001800132100002100150245006200171250001600233260002600249300002500275500002500300650004200325850001500367980001300382985000600395986001300401999001500414999001500429YOGYA-0209000001458620090227022429.0 ind  a979-414-475-4 0010-020900000014586 a342.02 a342.02bGau B aGAUTAMA, Sudargo aBunga rampai hukum antar tata hukumcoleh Sudargo Gautama aEd.1, cet.2 aBandungbAlumnic1993 aviii, 256 hlmc21 cm aTermasuk bibliografi aHukum antar tata hukum - Bunga rampai aYOPDYOG(B) a25-07-05 a2 afwhrtrev a94P0052131 a94P0052132